2022 FIFA World Cup Group D - France - Australia - Statistics

General Stats
  • This quiz has been taken 88 times
  • The average score is 17 of 34
Answer Stats
Player % Correct
Hugo Lloris
97%
Kylian Mbappé ¹
96%
Olivier Giroud ²
96%
Antoine Griezmann
89%
Ousmane Dembélé
84%
Lucas Hernandez
81%
Theo Hernandez
81%
Benjamin Pavard
77%
Dayot Upamecano
74%
Adrien Rabiot ¹
73%
Didier Deschamps
72%
Aurélien Tchouaméni
68%
Ibrahima Konaté
64%
Jules Koundé
59%
Kingsley Coman
53%
Mathew Ryan
53%
Aaron Mooy
47%
Craig Goodwin ¹
41%
Marcus Thuram
41%
Youssouf Fofana
41%
Harry Souttar
35%
Mathew Leckie
35%
Jackson Irvine
31%
Aziz Behich
27%
Mitchell Duke
27%
Garang Kuol
23%
Miloš Degenek
22%
Awer Mabil
20%
Graham Arnold
20%
Kye Rowles
20%
Jason Cummings
19%
Nathaniel Atkinson
19%
Riley McGree
19%
Keanu Baccus
14%
No matching quizzes found
Score Distribution
Percent of People with Each Score
Percentile by Number Answered
Your Score History
You have not taken this quiz